[Event "SVK-chT2D 1617"]
[Site "Slovakia"]
[Date "2016.12.04"]
[Round "6.8"]
[White "Gulas, Gabriel"]
[Black "Papp, Ladislav"]
[Result "1-0"]
[WhiteElo "1553"]
[BlackElo "1865"]
[PlyCount "59"]
[EventDate "2016.10.08"]
[EventType "team-tourn"]
[EventRounds "11"]
[EventCountry "SVK"]
[SourceTitle "EXT 2018"]
[Source "ChessBase"]
[SourceDate "2017.10.13"]
[SourceVersion "1"]
[SourceVersionDate "2017.10.13"]
[SourceQuality "1"]
[WhiteTeam "Sabinov II"]
[BlackTeam "Velke Kapusany"]
[WhiteTeamCountry "SVK"]
[BlackTeamCountry "SVK"]

1. e4 c5 2. Nc3 e6 3. f4 Nc6 4. Nf3 d6 5. Bc4 a6 6. a3 b5 7. Ba2 Be7 8. d3 Qc7 9. 0-0 Bf6 10. Ne2 Nge7 11. Qe1 g6 12. Qg3 Bd7 13. c3 h5 14. Nh4 0-0-0 15. Be3 Rdg8 16. Nf3 h4 17. Qf2 Rf8 18. b4 cxb4 19. axb4 Kb7 20. Rab1 Ra8 21. Rfc1 h3 22. g3 Nc8 23. c4 N8e7 24. Ned4 Rh5 25. cxb5 axb5 26. g4 Rhh8 27. Nxb5 Qb8 28. Bb6 Rc8 29. Bc7 Rxc7 30. Nxd6+ 1-0

[Event "SVK-chT2D 1516"]
[Site "Slovakia"]
[Date "2016.03.12"]
[Round "10.8"]
[White "Papp, Ladislav"]
[Black "Cuker, Oliver"]
[Result "1-0"]
[WhiteElo "1886"]
[BlackElo "1398"]
[PlyCount "117"]
[EventDate "2015.10.17"]
[EventType "team-tourn"]
[EventRounds "11"]
[EventCountry "SVK"]
[SourceTitle "EXT 2017"]
[Source "ChessBase"]
[SourceDate "2016.10.25"]
[SourceVersion "1"]
[SourceVersionDate "2016.10.25"]
[SourceQuality "1"]
[WhiteTeam "Velke Kapusany"]
[BlackTeam "Sabinov II"]
[WhiteTeamCountry "SVK"]
[BlackTeamCountry "SVK"]

1. d4 d5 2. c4 c6 3. e3 Nf6 4. Nc3 Bf5 5. Bd3 Bxd3 6. Qxd3 e6 7. c5 Nbd7 8. b4 Qc7 9. f4 g6 10. Nf3 Bg7 11. Bd2 0-0 12. 0-0 Ng4 13. h3 Nh6 14. a4 f6 15. b5 e5 16. fxe5 fxe5 17. e4 dxe4 18. Nxe4 exd4 19. Bxh6 Bxh6 20. Qxd4 Bg7 21. Qc4+ Kh8 22. Rad1 Ne5 23. Nxe5 Bxe5 24. Nd6 Rad8 25. Rxf8+ Rxf8 26. Qe6 Bg7 27. Ne8 Qf7 28. Qxf7 Rxf7 29. Nxg7 Kxg7 30. Rd6 cxb5 31. axb5 Rc7 32. b6 axb6 33. cxb6 Re7 34. Kf2 Kf7 35. Kf3 Kg7 36. Kf4 Kh6 37. g4 Kg7 38. g5 Kf7 39. Rd5 Kf8 40. Rc5 Ke8 41. Rc8+ Kd7 42. Rc7+ Kd8 43. Rxe7 Kxe7 44. Ke5 Kd7 45. Kf6 Kc6 46. Kg7 Kxb6 47. Kxh7 Kc5 48. Kxg6 b5 49. Kf6 b4 50. g6 b3 51. g7 b2 52. g8Q b1Q 53. Qc8+ Kd4 54. Qg4+ Kd5 55. Qf5+ Qxf5+ 56. Kxf5 Kd6 57. Kf6 Kd7 58. h4 Ke8 59. Kg7 1-0

[Event "SVK-chT2D 14/15"]
[Site "Slovakia"]
[Date "2014.10.12"]
[Round "2.5"]
[White "Papp, Ladislav"]
[Black "Liscinsky, Martin"]
[Result "0-1"]
[WhiteElo "1889"]
[BlackElo "1849"]
[PlyCount "60"]
[EventDate "2014.10.11"]
[EventType "team-tourn"]
[EventRounds "11"]
[EventCountry "SVK"]
[SourceTitle "EXT 2019"]
[Source "ChessBase"]
[SourceDate "2018.10.10"]
[SourceVersion "1"]
[SourceVersionDate "2018.10.10"]
[SourceQuality "1"]
[WhiteTeam "Velke Kapusany Energetik"]
[BlackTeam "Presov Slavia PU"]
[WhiteTeamCountry "SVK"]
[BlackTeamCountry "SVK"]

1. e4 e6 2. d4 d5 3. Nd2 a6 4. Ngf3 c5 5. exd5 exd5 6. dxc5 Bxc5 7. Nb3 Bb6 8. Be2 Nf6 9. 0-0 0-0 10. Nbd4 Nc6 11. c3 Qd6 12. Re1 Bg4 13. h3 Bh5 14. Nh2 Bxe2 15. Rxe2 Nxd4 16. cxd4 Rfe8 17. Rxe8+ Rxe8 18. Be3 Ne4 19. Rc1 f5 20. f4 Ng3 21. Kf2 Re4 22. Qf3 Bxd4 23. Rc8+ Kf7 24. Qxg3 Rxe3 25. Nf3 Rc3+ 26. Kf1 Rxc8 27. Nxd4 Rc1+ 28. Ke2 Qc5 29. Kd2 Rb1 30. Nxf5 Rxb2+ 0-1

[Event "SVK-chT2D 10/11"]
[Site "Slovakia"]
[Date "2011.02.05"]
[Round "6.6"]
[White "Papp, Ladislav"]
[Black "Borovsky, Adam"]
[Result "1-0"]
[WhiteElo "1881"]
[BlackElo "1950"]
[PlyCount "129"]
[EventDate "2010.10.23"]
[EventType "team-tourn"]
[EventRounds "11"]
[EventCountry "SVK"]
[SourceTitle "EXT 2019"]
[Source "ChessBase"]
[SourceDate "2018.10.10"]
[SourceVersion "1"]
[SourceVersionDate "2018.10.10"]
[SourceQuality "1"]
[WhiteTeam "Velke Kapusany"]
[BlackTeam "Kosice Slavia UPJS IV"]
[WhiteTeamCountry "SVK"]
[BlackTeamCountry "SVK"]

1. e4 d6 2. d4 Nf6 3. Nc3 g6 4. Bc4 Bg7 5. Nge2 0-0 6. 0-0 Nbd7 7. a3 c5 8. dxc5 Nxc5 9. Ng3 Be6 10. Bxe6 Nxe6 11. Nd5 Rc8 12. Be3 b6 13. Nxf6+ Bxf6 14. c3 Qd7 15. Qd3 Rc7 16. Rac1 Qa4 17. Qc2 Qc4 18. Rfd1 Rfc8 19. Ne2 Rc6 20. Qd3 Qb3 21. Qc2 Qxc2 22. Rxc2 Rc4 23. f3 Kg7 24. Rcd2 R8c7 25. Bd4 Bxd4+ 26. Nxd4 Nxd4 27. Rxd4 Rxd4 28. Rxd4 Kf6 29. Kf2 Ke6 30. Ke3 Rc5 31. g4 d5 32. Ra4 a5 33. exd5+ Rxd5 34. Rc4 Kd6 35. Rc8 h5 36. h3 hxg4 37. hxg4 Re5+ 38. Kd3 g5 39. b4 axb4 40. axb4 f6 41. c4 Re1 42. b5 Kd7 43. Rc6 Re6 44. Rxe6 Kxe6 45. Ke4 Kd6 46. Kf5 Kd7 47. Ke4 e6 48. Ke3 Kd6 49. Kd4 f5 50. c5+ bxc5+ 51. Kc4 f4 52. b6 e5 53. Kb5 e4 54. Ka6 exf3 55. b7 f2 56. b8Q+ Kd5 57. Qb5 Kd4 58. Qe2 c4 59. Qxf2+ Kd3 60. Qf1+ Ke3 61. Kb5 c3 62. Kb4 c2 63. Kc3 f3 64. Kxc2 Kf4 65. Qg1 1-0

[Event "SVK-chT2D 0910"]
[Site "Slovakia"]
[Date "2010.02.07"]
[Round "9.5"]
[White "Papp, Ladislav"]
[Black "Svitek, Michal"]
[Result "1-0"]
[WhiteElo "1894"]
[BlackElo "1841"]
[PlyCount "77"]
[EventDate "2009.10.10"]
[EventType "team"]
[EventRounds "11"]
[EventCountry "SVK"]
[SourceTitle "EXT 2011"]
[Source "ChessBase"]
[SourceDate "2010.11.26"]
[SourceVersion "1"]
[SourceVersionDate "2010.11.26"]
[SourceQuality "1"]
[WhiteTeam "Velke Kapusany"]
[BlackTeam "Kezmarok II"]
[WhiteTeamCountry "SVK"]
[BlackTeamCountry "SVK"]

1. e4 c5 2. Nf3 d6 3. d4 cxd4 4. Nxd4 Nf6 5. Nc3 a6 6. Bg5 e5 7. Nb3 Be7 8. Qd2 h6 9. Bh4 0-0 10. 0-0-0 Nxe4 11. Nxe4 Bxh4 12. Qxd6 Qxd6 13. Rxd6 f5 14. Bc4+ Kh8 15. Ng3 Bg5+ 16. Kb1 Be7 17. Rd2 Bb4 18. c3 Be7 19. Re1 f4 20. Ne4 Nc6 21. Nec5 Bf5+ 22. Bd3 Bc8 23. Be4 Ra7 24. Bxc6 bxc6 25. Rxe5 Bf6 26. Re1 Bf5+ 27. Ka1 a5 28. Rd6 Be7 29. Rxc6 a4 30. Nd4 a3 31. Nxf5 axb2+ 32. Kxb2 Rxf5 33. Nb3 Rg5 34. g3 fxg3 35. fxg3 Rf5 36. Re2 Ba3+ 37. Kc2 Be7 38. a4 Rxa4 39. Rxe7 1-0

[Event "SVK-chT2D 0809"]
[Site "Slovakia"]
[Date "2009.03.01"]
[Round "11.2"]
[White "Polovka, Milan"]
[Black "Papp, Ladislav"]
[Result "1-0"]
[WhiteElo "1843"]
[BlackElo "1870"]
[PlyCount "77"]
[EventDate "2008.10.11"]
[EventType "team-tourn"]
[EventRounds "11"]
[EventCountry "SVK"]
[SourceTitle "EXT 2010"]
[Source "ChessBase"]
[SourceDate "2010.11.25"]
[SourceVersion "1"]
[SourceVersionDate "2010.11.25"]
[SourceQuality "1"]
[WhiteTeam "Spisska Nova Ves"]
[BlackTeam "Velke Kapusany Energetik"]
[WhiteTeamCountry "SVK"]
[BlackTeamCountry "SVK"]

1. e4 c5 2. Nf3 Nc6 3. Bc4 e6 4. 0-0 Nf6 5. d3 Be7 6. a3 0-0 7. Bf4 d5 8. exd5 exd5 9. Ba2 Nh5 10. Bd2 Be6 11. c3 b5 12. b4 c4 13. Nd4 Nxd4 14. cxd4 g6 15. dxc4 dxc4 16. Be3 Bg5 17. Nc3 a6 18. Ne4 Bxe3 19. fxe3 Bd5 20. Nc5 Re8 21. Re1 f5 22. Bb1 Qg5 23. e4 fxe4 24. Bxe4 Bxe4 25. Nxe4 Qd5 26. Qf3 Qxd4+ 27. Kh1 Rf8 28. Qg4 Rae8 29. Rad1 Qe5 30. g3 Qe6 31. Qg5 Qf5 32. Qh4 Kg7 33. Re3 Re5 34. Nd6 Qe6 35. Qd4 Nxg3+ 36. hxg3 Qh3+ 37. Kg1 Kh6 38. Qxe5 Qg4 39. Rde1 1-0

[Event "SVK-chT2D 0809"]
[Site "Slovakia"]
[Date "2009.02.01"]
[Round "9.6"]
[White "Papp, Ladislav"]
[Black "Hennel, Karol"]
[Result "0-1"]
[WhiteElo "1870"]
[BlackElo "2066"]
[PlyCount "96"]
[EventDate "2008.10.11"]
[EventType "team-tourn"]
[EventRounds "11"]
[EventCountry "SVK"]
[SourceTitle "EXT 2010"]
[Source "ChessBase"]
[SourceDate "2010.11.25"]
[SourceVersion "1"]
[SourceVersionDate "2010.11.25"]
[SourceQuality "1"]
[WhiteTeam "Velke Kapusany Energetik"]
[BlackTeam "Kezmarok KdV II"]
[WhiteTeamCountry "SVK"]
[BlackTeamCountry "SVK"]

1. e4 e5 2. Nf3 Nc6 3. d4 exd4 4. Nxd4 Qh4 5. Nc3 Bb4 6. Ndb5 Qxe4+ 7. Qe2 Bxc3+ 8. bxc3 Qxe2+ 9. Bxe2 Kd8 10. Bf4 d6 11. Rd1 Be6 12. a3 Nf6 13. Bg5 a6 14. Bxf6+ gxf6 15. Nd4 Nxd4 16. cxd4 Bd5 17. f3 b5 18. Kf2 Rg8 19. Rb1 Kd7 20. Rhc1 Rab8 21. Rb2 c5 22. dxc5 dxc5 23. Rd1 Kc6 24. c3 Bc4 25. Rbd2 Bxe2 26. Kxe2 Rxg2+ 27. Ke3 Re8+ 28. Kf4 Rxd2 29. Rxd2 a5 30. Rg2 b4 31. axb4 cxb4 32. cxb4 axb4 33. Rc2+ Kb6 34. Rc4 Kb5 35. Rc7 b3 36. Rb7+ Kc4 37. Rc7+ Kd3 38. Rb7 Kc2 39. Rc7+ Kb1 40. Rxf7 b2 41. Rxf6 Rb8 42. Rc6 Ka2 43. Rc2 Kb3 44. Rxb2+ Kxb2 45. Kg5 Kc3 46. h4 Kd4 47. f4 Ke4 48. h5 Rf8 0-1

[Event "SVK-chT2D 0708"]
[Site "Slovakia"]
[Date "2007.10.07"]
[Round "2.4"]
[White "Recky, Norbert"]
[Black "Papp, Ladislav"]
[Result "1/2-1/2"]
[WhiteElo "1965"]
[BlackElo "1867"]
[PlyCount "123"]
[EventDate "2007.10.06"]
[EventType "team-tourn"]
[EventRounds "11"]
[EventCountry "SVK"]
[SourceTitle "EXT 2010"]
[Source "ChessBase"]
[SourceDate "2010.11.25"]
[SourceVersion "1"]
[SourceVersionDate "2010.11.25"]
[SourceQuality "1"]
[WhiteTeam "Spisska Nova Ves"]
[BlackTeam "Velke Kapusany Energetik"]
[WhiteTeamCountry "SVK"]
[BlackTeamCountry "SVK"]

1. e4 c5 2. Nf3 d6 3. d4 cxd4 4. Nxd4 Nf6 5. Nc3 g6 6. Be3 Bg7 7. f3 a6 8. Qd2 Nc6 9. 0-0-0 0-0 10. g4 Bd7 11. h4 h5 12. g5 Ne8 13. Bh3 Bxh3 14. Rxh3 Qa5 15. Kb1 Nc7 16. f4 Nb5 17. Ncxb5 axb5 18. Qxa5 Rxa5 19. c3 Rfa8 20. a3 Ra4 21. Kc2 Nxd4+ 22. Bxd4 e5 23. Be3 exf4 24. Bxf4 Rxe4 25. Bxd6 Re2+ 26. Kb3 Rd8 27. Rhd3 Rde8 28. Rd5 R8e4 29. Rxb5 Rxh4 30. Rxb7 Rg4 31. Rf1 Rgg2 32. Rb8+ Kh7 33. Ka2 Rxg5 34. Rxf7 Rf5 35. Rfb7 Kh6 36. c4 Be5 37. c5 Bxd6 38. cxd6 Rd5 39. Rb6 Red2 40. a4 h4 41. Rh8+ Kg5 42. Rh7 Kg4 43. d7 g5 44. Rb4+ Kg3 45. Rb5 g4 46. Rxd5 Rxd5 47. b4 h3 48. b5 h2 49. b6 Rxd7 50. Rxd7 h1Q 51. b7 Qg2+ 52. Kb3 Qf3+ 53. Kb4 Qe4+ 54. Kb5 Kf2 55. Kb6 Qxa4 56. Kc7 Qa7 57. Kc8 Qc5+ 58. Kd8 Qb6+ 59. Kc8 Qc6+ 60. Kd8 Qf6+ 61. Kc8 Qf8+ 62. Kc7 1/2-1/2

[Event "SVK-chT2D 0708"]
[Site "Slovakia"]
[Date "2007.10.06"]
[Round "1.4"]
[White "Petko, Peter"]
[Black "Papp, Ladislav"]
[Result "1-0"]
[WhiteElo "1708"]
[BlackElo "1867"]
[PlyCount "47"]
[EventDate "2007.10.06"]
[EventType "team-tourn"]
[EventRounds "11"]
[EventCountry "SVK"]
[SourceTitle "EXT 2010"]
[Source "ChessBase"]
[SourceDate "2010.11.25"]
[SourceVersion "1"]
[SourceVersionDate "2010.11.25"]
[SourceQuality "1"]
[WhiteTeam "Gelnica Slovan"]
[BlackTeam "Velke Kapusany Energetik"]
[WhiteTeamCountry "SVK"]
[BlackTeamCountry "SVK"]

1. d4 Nf6 2. c4 g6 3. Nc3 d5 4. Bg5 dxc4 5. e4 Bg7 6. Bxc4 c6 7. h3 Qa5 8. Bxf6 Bxf6 9. Nf3 0-0 10. 0-0 b5 11. Bb3 Bb7 12. Qc2 Nd7 13. e5 Bg7 14. e6 Nb6 15. exf7+ Kh8 16. Rfe1 Bf6 17. Ne5 Kg7 18. Ne4 Rad8 19. Nc5 Rb8 20. Ne6+ Kh6 21. Ng4+ Kh5 22. Qc1 g5 23. Re5 h6 24. Nf4+ 1-0

[Event "SVK-chT2D 0607"]
[Site "Slovakia"]
[Date "2007.03.18"]
[Round "11.1"]
[White "Ducay, Miroslav"]
[Black "Papp, Ladislav"]
[Result "1-0"]
[WhiteElo "1963"]
[BlackElo "1867"]
[PlyCount "135"]
[EventDate "2006.10.14"]
[EventType "team-tourn"]
[EventRounds "11"]
[EventCountry "SVK"]
[SourceTitle "EXT 2008"]
[Source "ChessBase"]
[SourceDate "2007.11.25"]
[SourceVersion "1"]
[SourceVersionDate "2007.11.25"]
[SourceQuality "1"]
[WhiteTeam "Presov PSK"]
[BlackTeam "Velke Kapusany Energetik"]
[WhiteTeamCountry "SVK"]
[BlackTeamCountry "SVK"]

1. e4 c5 2. b4 cxb4 3. a3 e6 4. axb4 Bxb4 5. c3 Be7 6. d4 Nf6 7. Bd3 Nc6 8. f4 b6 9. Nf3 h6 10. 0-0 0-0 11. Na3 a6 12. c4 Nb4 13. e5 Ne8 14. Be4 Rb8 15. f5 exf5 16. Bxf5 d6 17. Bb1 d5 18. Nc2 Nxc2 19. Qxc2 g6 20. Bxh6 Ng7 21. cxd5 Bf5 22. Qb3 Bxb1 23. Raxb1 Kh7 24. Bxg7 Kxg7 25. d6 Bxd6 26. exd6 Qxd6 27. Rbc1 Rfd8 28. Rc4 f6 29. Qc3 Rd7 30. Rc6 Qd5 31. Qc4 Qxc4 32. Rxc4 a5 33. Rb1 Kf7 34. Rb5 Ke7 35. Kf2 Ra7 36. Rc6 Rab7 37. Ke3 a4 38. Rc3 Ra8 39. Ra3 Kd6 40. Kd3 Kc6 41. Kc4 Rba7 42. d5+ Kc7 43. Nd4 Rh8 44. h3 Ra6 45. Rb4 Rha8 46. Nb5+ Kd7 47. Kd4 Rh8 48. g4 f5 49. Ke5 fxg4 50. hxg4 Rha8 51. Kf6 Ra5 52. Kxg6 Rg8+ 53. Kf5 Raa8 54. g5 Raf8+ 55. Kg4 Rf1 56. Rg3 Ra1 57. Rf4 Rg7 58. Rf6 Rb1 59. Rxb6 Rb4+ 60. Kf5 Rf7+ 61. Kg6 Rff4 62. Rh3 Rh4 63. Rb7+ Kd8 64. Rxh4 Rxh4 65. Kf6 Rf4+ 66. Ke6 Re4+ 67. Kf6 Rb4 68. g6 1-0

[Event "SVK-chT2D 0607"]
[Site "Slovakia"]
[Date "2007.02.04"]
[Round "9.3"]
[White "Papp, Ladislav"]
[Black "Pollak, Rudolf"]
[Result "1-0"]
[WhiteElo "1867"]
[BlackElo "1898"]
[PlyCount "85"]
[EventDate "2006.10.14"]
[EventType "team-tourn"]
[EventRounds "11"]
[EventCountry "SVK"]
[SourceTitle "EXT 2008"]
[Source "ChessBase"]
[SourceDate "2007.11.25"]
[SourceVersion "1"]
[SourceVersionDate "2007.11.25"]
[SourceQuality "1"]
[WhiteTeam "Velke Kapusany Energetik"]
[BlackTeam "Bardejov BSK"]
[WhiteTeamCountry "SVK"]
[BlackTeamCountry "SVK"]

1. d4 e6 2. e4 d5 3. Nd2 Nf6 4. exd5 exd5 5. Bd3 Bd6 6. Ngf3 0-0 7. 0-0 h6 8. c4 c6 9. c5 Bc7 10. Ne5 Nbd7 11. f4 Re8 12. Ndf3 Ne4 13. g4 Nf8 14. Bxe4 dxe4 15. Ne1 Bxe5 16. fxe5 Qh4 17. Rf4 Be6 18. Ng2 Qe7 19. Rxe4 Bd5 20. Rf4 Ne6 21. Rf2 Rad8 22. Nf4 Ng5 23. Nxd5 Rxd5 24. Bxg5 Qxg5 25. Qf3 Re7 26. Rd1 h5 27. h3 hxg4 28. hxg4 Qg6 29. Qf4 Red7 30. Rfd2 Qe6 31. Kh2 Qg6 32. Kg3 Qe6 33. b4 a6 34. Qf5 Qh6 35. Qf4 Qe6 36. Kf3 Rd8 37. Qf5 Qe7 38. Rh2 g6 39. Qf4 Qe6 40. Rdh1 Kf8 41. Rh8+ Ke7 42. Qg5+ f6 43. R1h7+ 1-0

[Event "SVK-chT2D 0607"]
[Site "Slovakia"]
[Date "2007.01.13"]
[Round "7.4"]
[White "Papp, Ladislav"]
[Black "Sutak, Andrej"]
[Result "1/2-1/2"]
[WhiteElo "1867"]
[BlackElo "2032"]
[PlyCount "82"]
[EventDate "2006.10.14"]
[EventType "team-tourn"]
[EventRounds "11"]
[EventCountry "SVK"]
[SourceTitle "EXT 2008"]
[Source "ChessBase"]
[SourceDate "2007.11.25"]
[SourceVersion "1"]
[SourceVersionDate "2007.11.25"]
[SourceQuality "1"]
[WhiteTeam "Velke Kapusany Energetik"]
[BlackTeam "Humenne Reinter"]
[WhiteTeamCountry "SVK"]
[BlackTeamCountry "SVK"]

1. e4 e5 2. Nf3 Nc6 3. Bc4 Bc5 4. c3 Nf6 5. d4 exd4 6. cxd4 Bb6 7. Nc3 d6 8. h3 Bd7 9. 0-0 Na5 10. Bd3 c5 11. dxc5 Bxc5 12. a3 Nc6 13. b4 Bb6 14. Bb2 0-0 15. Rc1 Be6 16. Ng5 h6 17. Nxe6 fxe6 18. Bc4 Qe7 19. Na4 Bc7 20. Qe2 Kh8 21. Bb5 Nd8 22. Rc3 a6 23. Rfc1 Rc8 24. Bd3 Ne8 25. b5 Ra8 26. b6 Bb8 27. Qg4 Nc6 28. R3c2 e5 29. g3 Nf6 30. Qg6 Qd7 31. Qf5 Qe8 32. Rc4 d5 33. exd5 Ne7 34. Qe6 Nexd5 35. Qxe8 Rxe8 36. Rc8 Bd6 37. Rxa8 Rxa8 38. Bf5 Ne7 39. Be6 Nc6 40. Rd1 Rd8 41. Kg2 Ne4 1/2-1/2

[Event "SVK-chT2D 0506"]
[Site "Slovakia"]
[Date "2005.10.23"]
[Round "2.6"]
[White "Zrost, Rudolf"]
[Black "Papp, Ladislav"]
[Result "1/2-1/2"]
[WhiteElo "1931"]
[BlackElo "1849"]
[PlyCount "87"]
[EventDate "2005.10.22"]
[EventType "team-tourn"]
[EventRounds "11"]
[EventCountry "SVK"]
[SourceTitle "EXT 2009"]
[Source "ChessBase"]
[SourceDate "2008.11.26"]
[SourceVersion "1"]
[SourceVersionDate "2008.11.26"]
[SourceQuality "1"]

1. d4 Nf6 2. Nf3 g6 3. g3 Bg7 4. Bg2 d5 5. 0-0 0-0 6. Nbd2 Nbd7 7. c4 dxc4 8. Nxc4 c6 9. Re1 Nb6 10. Nce5 Nfd7 11. Bf4 Nxe5 12. Bxe5 Be6 13. Bxg7 Kxg7 14. Qc2 f6 15. Rad1 Qd5 16. b3 Rae8 17. e4 Qa5 18. Nd2 Qb4 19. Nb1 Rd8 20. Qc3 Qxc3 21. Nxc3 Rfe8 22. d5 cxd5 23. exd5 Bd7 24. Ne4 Bc8 25. Nc5 Rd6 26. Ne6+ Bxe6 27. dxe6 Red8 28. Rc1 f5 29. a4 Kf6 30. a5 Nd5 31. Bxd5 Rxd5 32. Rc7 R8d6 33. Rxb7 Rxa5 34. Rc1 Rxe6 35. Rcc7 h5 36. b4 Raa6 37. Rxa7 Rxa7 38. Rxa7 Rb6 39. Ra4 Ke6 40. Kg2 Kd5 41. Kh3 e5 42. Kh4 Ke4 43. Kg5 Kf3 44. Ra2 1/2-1/2